Central Library OPAC University of Rajshahi

Transistors / (Record no. 14315)

MARC details
000 -LEADER
fixed length control field 00750nam a2200253 a 4500
001 - CONTROL NUMBER
control field 14315
003 - CONTROL NUMBER IDENTIFIER
rucl marc code BD-RjUL
005 - DATE AND TIME OF LATEST TRANSACTION
control field 20211208235616.0
008 - FIXED-LENGTH DATA ELEMENTS--GENERAL INFORMATION
fixed length control field 140205s1963 njua 001 0 eng
035 ## - SYSTEM CONTROL NUMBER
System control number (BD-RjUL)14367
040 ## - CATALOGING SOURCE
Original cataloging agency DLC
Transcribing agency TEU
Modifying agency BD-RjUL
Language of cataloging eng
041 ## - LANGUAGE CODE
Language code of text/sound track or separate title eng
082 04 - DEWEY DECIMAL CLASSIFICATION NUMBER
Classification number 621.381528
Edition number 23
Author mark and year LET
100 1# - MAIN ENTRY--PERSONAL NAME
Personal name Le Croissette, Dennis.
9 (RLIN) 44689
245 10 - TITLE STATEMENT
Title Transistors /
260 ## - PUBLICATION, DISTRIBUTION, ETC. (IMPRINT)
Place of publication, distribution, etc. Englewood Cliffs, N.J. :
Name of publisher, distributor, etc. Prentice-Hall,
Date of publication, distribution, etc. 1963.
300 ## - PHYSICAL DESCRIPTION
Pagination 280 p. :
Illustrations ill. ;
Size 24 cm.
490 1# - SERIES STATEMENT
Series statement Prentice-Hall electrical engineering series
504 ## - BIBLIOGRAPHY, ETC. NOTE
Bibliography, etc Includes bibliography and index.
650 #0 - SUBJECT ADDED ENTRY--TOPICAL TERM
Topical term or geographic name as entry element Transistors.
9 (RLIN) 44690
830 #0 - SERIES ADDED ENTRY--UNIFORM TITLE
Uniform title Prentice-Hall electrical engineering series
942 ## - ADDED ENTRY ELEMENTS (KOHA)
Source of classification or shelving scheme Dewey Decimal Classification
Koha item type Books
Holdings
Lost status Source of classification or shelving scheme Damaged status Not for loan Collection code Permanent Location Current Location Shelving location Date acquired Source of acquisition Cost, normal purchase price Total Checkouts Full call number Date last seen Copy number Koha item type
  Dewey Decimal Classification     Non-fiction Central Library, University of Rajshahi Central Library, University of Rajshahi   29/03/1976 Practice hall of India 18.00   621.381528 LET 1963 05/02/2014 C-4 Books